00853cam a22002417a 4500003000500000005001700005008004100022010001000063011001000073035001000083040000900093100003100102245011700133260004100250300001000291502011800301530003600419650001600455650003400471650002700505856006300532856001600595CHAP20220329142741.0030562s2003 mx r 00010 spa d a87230 a88202 a98747 cCHAP00aCarrillo Ruvalcaba, Cesar.10aComparación de modelos matemáticos para ajustar curvas de lactancia en cabrasc/por Cesar Carrillo Ruvalcaba aChapingo, Méx. :bEl autor,c2003. a42 h. aTesis (Ing. Agr. Esp. en Zootecnia) -- UACH. Departamneto de Enseñanza, Investigación y Servicio en Zootecnia aTambién disponible en línea14aEcuaciones.14aLeche de cabraxProducción.14aModelos matemáticos. 3Finding aiduhttp://10.13.5.2/tesis/98747.pdfzTeclea aqui a1 n0001350